000 00689nam 22002533 4500
001 200946
010 _a972-41-0932-1
021 _aPT
_b48088/91
090 _a200946
100 _a20260303d u||y0pory50 ba
200 _aA estátua de ouro viva
_fE. Lepage, G. Pernin, H. Carriere
205 _a
210 _aPorto
_cEdições Asa
_d1991
215 _a48 p.
_cil. ; encadernado
_d29 cm
225 _aSinal de Pista. O enviado
606 _91586
_aDesenho Artístico
610 _aBanda Desenhada
675 _a74
_vPT
_zpor
700 _916619
_aLepage
_bE.
701 _916620
_aPernin
_bG.
701 _916621
_aCarriere
_bH.
801 _aPT
_bBMMN
_gRPC
830 _cIsabel
990 _cLIVROS